Política pública distrital de ruralidad : (Registro nro. 7595)

Detalles MARC
000 -CABECERA
Campo de control 00929nam a22002177a 4500
005 - FECHA Y HORA DE LA ULTIMA TRANSACCION
Campo de control 20150210164943.0
008 - ELEMENTOS DE LONGITUD FIJA—INFORMACION GENERAL
Campo de control 100129s2007 ck ab gr 00010 spa d
040 ## - FUENTE DE CATALOGACIÓN
Agencia catalogadora original CO-BoIAVH
Agencia transcriptora CO-BoIAVH
041 ## - IDIOMA
Código de idioma para texto/pista de sonido o título separado Español
044 ## - PAÍS DE PUBLICACIÓN
País de publicación Colombia
082 04 - NUMERO DE CLASIFICACION DECIMAL DEWEY
Número de clasificación 307.1412
Número del ítem C718p
245 00 - MENCION DE TITULO
Título Política pública distrital de ruralidad :
Parte restante del título desde un enfoque de garantía de los derechos humanos : síntesis de discusión y acuerdos del proceso colectivo de construcción /
Mención de responsabilidad fotografías Juan Carlos Gutiérrez.
260 3# - PUBLICACION, DISTRIBUCION, ETC. (PIE DE IMPRENTA)
Lugar de publicación, distribución, etc. Bogotá
Nombre del editor, distribuidor, etc. Alcaldía Mayor de Bogotá
Fecha de publicación, distribución, etc. 2007.
300 ## - DESCRIPCION FISICA
Extensión 135 p. :
Otros detalles físicos il., mapas ;
Dimensiones 28 cm.
500 ## - NOTA GENERAL
Nota general Decreto No 327 del 25 de julio de 2007.
650 ## - ASIENTO SECUNDARIO DE MATERIA - TERMINO TEMATICO
Término temático o nombre geográfico como elemento de entrada Desarrollo rural
Subdivisión general Legislación
Subdivisión geográfica Bogotá (Colombia)
650 #6 - ASIENTO SECUNDARIO DE MATERIA - TERMINO TEMATICO
Término temático o nombre geográfico como elemento de entrada Desarrollo sostenible
Subdivisión geográfica Bogotá (Colombia)
651 #6 - ASIENTO SECUNDARIO DE MATERIA - NOMBRE GEOGRAFICO
Nombre geográfico Bogotá (Colombia)
Subdivisión general Condiciones rurales.
700 1# - ASIENTO SECUNDARIO - NOMBRE PERSONAL
Nombre personal Gutiérrez, Juan Carlos,
Término de relación fot.
942 ## - ELEMENTOS ADICIONALES (KOHA)
Sistema de clasificación Dewey Decimal Classification
Tipo de ítem Libro
Existencias
Withdrawn status Lost status Sistema de Clasificación Damaged status No para préstamo Colección Inventariado Ubicación Permanente Ubicación actual Fecha de adquisición Fuente de Valor Valor Total Checkouts Número topográfico Inventario / Código de Barras Date last seen Ejemplar Price effective from Forma de adquisición Tipo de material Public note
    Dewey Decimal Classification     General Inventariado 2017 Bogotá Bogotá 16/08/2013 Instituto 39000.00   LB-307.1412 C718p 058396 16/08/2013 Ej. 1 16/08/2013   Libro Decreto No 327 del 25 de julio de 2007
    Dewey Decimal Classification     General Inventariado 2017 Bogotá Bogotá 03/07/2015 Instituto 39000.00   LB-307.1412 C718p 038924 03/07/2015 Ej. 3 03/07/2015   Libro Decreto No 327 del 25 de julio de 2007
    Dewey Decimal Classification     General Inventariado 2017 Sala Fabio Quevedo Sala Fabio Quevedo 17/02/2015 Instituto 39000.00   LB-307.1412 C718p 038810 17/02/2015 Ej. 2 17/02/2015   Libro Decreto No 327 del 25 de julio de 2007